| 000 | 00461nam a2200181 a 4500 | ||
|---|---|---|---|
| 001 | 4569 | ||
| 003 | CO-ViMGA | ||
| 008 | 141112s2004 ck r 000 u spa d | ||
| 040 |
_aCO-ViMGA _bspa _cCO-ViMGA |
||
| 082 | 0 | 4 | _aCu863.44 G845i |
| 100 | 1 |
_aGuillen, Nicolás _955453 |
|
| 245 | 1 | 0 | _aIsla de rojo coral |
| 260 |
_aSalamanca : _bLóguez, _c1993 |
||
| 300 | _a136 p | ||
| 490 | _aLa joven colección, 33 | ||
| 650 | 1 | 4 |
_aPOESIA CUBANA _93168 |
| 942 |
_2ddc _cBK |
||
| 999 |
_c16579 _d16579 |
||